02124nkc a2200301za 45000010006000000050017000060070008000230080041000310400024000722450145000962460064002412600035003053000096003405000291004365000405007275000088011325440076012206000029012966100058013256510025013836550042014087100035014508520012014858560150014979420025016479520133016729990017018058454520260423155746.0kh boc250410s1909 sp ||||| ||||||0| i|spa d cM-RABAaM-RABAbspa00aTajon, obispo de Zaragoza presenta a Chindasvinto en Toledo el libro de las morales de San Gregorioh[Material gráfico]c/ Luis Manjarrese aTajón presenta a Chindasvinto las Morales de San Gregorio b[Hauser y Menet]c, [ca. 1909] a1 fotografíab: gelatina de plata c; imagen 20 x 12 cm c; soporte secundario 30 x 24 cm aFotografía del relieve "Tajón presenta a Chindasvinto las Morales de San Gregorio" de Luis Manjarrese, obteniendo el segundo premio de la segunda clase de la Academia en 1760. Se conserva en el Museo de la Real Academia de Bellas Artes de San Fernando con nº de inventario E-247.  aMontada sobre un soporte secundario de cartón, con texto manuscrito a lápiz en la parte inferior al recto: "Tajon, obispo de Zaragoza presenta a Chindasvinto en Toledo el libro de las morales de San Gregorio1760-2ª clase-El premio 2º de la 2ª clase se dio por 9 votos contra 3 a Luis Manjarrese, única oposición, por este relieve." Nota manuscrita al verso a lápiz rojo: "1760 2ª clase" aFecha probable de la realización de la fotografía realizada por Hauser y Menet. aArchivo de la Real Academia de Bellas Artes de San Fernando (Le-4-29-1)10aManjarrese, Luis911168224aReal Academia de Bellas Artes de San Fernando.975832 7aMadrid2embne975182 7aFotografías de obras de arte9756752 aHauser y Menet (Madrid)950978 jFot-599 3Fot-599uhttps://archivoybiblioteca.realacademiabellasartessanfernando.com/cgi-bin/koha/opac-retrieve-file.pl?id=8781c0d6015905e1819ab4fec1dc2b0a 2ddccFOTOGRAFÍAn0 00102ddc40708FOTOGRAFIAaRABASFbRABASFcDP2d2025-04-24l0oFot-599p1095425r2025-04-24 13:42:03w2025-04-24yFOTOGRAFÍA c84545d84545